00339nam a2200133Ia 45000010005000000080041000050200021000460820023000671000027000902450022001172600023001399010028001629990015001903920241024s9999 xx 000 0 und d a978-9945-46525-9 aRD/863.97293/C172p aMary Collins de Colado 0aPedrito chichigua bEdiciones CPc2013 a29/1/2015 12:08:33 p.m. c7776d7776